000 00360nam a2200133Ia 4500
005 20260326100030.0
008 260326s9999||||xx |||||||||||||| ||und||
100 _aPérez Montas, Eugenio
245 0 _aCasa Coloniales de Santo Domingo /
_cEugenio Pérez Montas
260 _bGeneral Graphic
300 _a275 p.
650 _aARQUITECTURA COLONIAL
942 _cBK
999 _c6553
_d6553